00918nam a2200193 a 450000100100000000500170001000800410002704000250006808200240009311001050011724500960022226000700031830000240038850001020041265000400051465100680055465000470062265000550066900002148520200930011338.0100908s1984 dr a r 000 0 spa d aDO-SdBNPbspacBNPHU a352.48bR426p, 19841 aRepública Dominicana.bSecretariado Técnico de la Presidencia.bOficina Nacional de Presupuesto.10aPresupuestos de ingresos y gastos de las instituciones descentralizadas y autónomas 1984. aSanto Domingo :bSecretariado Técnico de la Presidencia,c1984. av. :bil. ;c28 cm. aPublicación complementaria al presupuesto de ingresos y ley de gastos públicos del año 1984 4aPresupuestozRepública Dominicana 4zRepública DominicanaxGastos Presupuestarios Públicosy1984 4aHacienda públicazRepública Dominicana 4aPresupuestoxLegislaciónzRepública Dominicana